000 00313nam a22001337a 4500
008 170824b xxu||||| |||| 00| 0 eng d
020 _a0817635270
041 _aeng
080 _a51
100 _a38
101 _aMAT
245 _aGROUP THEORETICAL MATHODS AND THEIR APPLICATIONS
_cFASSLER,A
942 _2udc
_cBK
999 _c24911
_d24911